[Event "GER-ch33 V01 email"]
[Site "GER email"]
[Date "2002.??.??"]
[Round "?"]
[White "Geldner, Daniella"]
[Black "Geissler, Walter"]
[Result "1-0"]
[WhiteElo "2314"]
[BlackElo "2153"]
[PlyCount "47"]
[EventDate "2002.??.??"]
[EventType "tourn (corr)"]
[EventRounds "11"]
[EventCountry "GER"]
[SourceTitle "Corr 2011"]
[Source "ChessBase"]
[SourceDate "2010.08.31"]
[SourceVersion "1"]
[SourceVersionDate "2010.08.31"]
[SourceQuality "1"]

1. e4 c5 2. Nf3 d6 3. d4 cxd4 4. Nxd4 Nf6 5. Nc3 a6 6. Bg5 e6 7. f4 Qb6 8. a3 Nbd7 9. Bh4 e5 10. Nf3 Qe3+ 11. Be2 Qxf4 12. Bg5 Qg4 13. Be3 h6 14. 0-0 Qe6 15. Nd2 Qe7 16. Nc4 Nc5 17. Nb6 Rb8 18. Nbd5 Qd8 19. Nxf6+ gxf6 20. b4 Nd7 21. Nd5 b6 22. c4 Be7 23. Bh5 Rh7 24. Qf3 1-0

[Event "GER-ch33 V01 email"]
[Site "GER email"]
[Date "2002.??.??"]
[Round "?"]
[White "Koch, Hans Georg"]
[Black "Geldner, Daniella"]
[Result "0-1"]
[WhiteElo "2146"]
[BlackElo "2314"]
[PlyCount "54"]
[EventDate "2002.??.??"]
[EventType "tourn (corr)"]
[EventRounds "11"]
[EventCountry "GER"]
[SourceTitle "Corr 2011"]
[Source "ChessBase"]
[SourceDate "2010.08.31"]
[SourceVersion "1"]
[SourceVersionDate "2010.08.31"]
[SourceQuality "1"]

1. e4 e5 2. Nf3 Nc6 3. Bb5 a6 4. Ba4 Nf6 5. 0-0 Be7 6. Re1 b5 7. Bb3 0-0 8. c3 d5 9. exd5 Nxd5 10. Nxe5 Nxe5 11. Rxe5 c6 12. d4 Bd6 13. Re1 Qh4 14. g3 Qh3 15. Be3 Bg4 16. Qd3 Rae8 17. Nd2 Re6 18. a4 bxa4 19. Rxa4 f5 20. Qf1 Qh5 21. Rxa6 f4 22. Bxf4 Rxe1 23. Qxe1 Bxf4 24. gxf4 Re8 25. Bxd5+ cxd5 26. Qa1 Bh3 27. f3 h6 0-1

[Event "GER-ch30 final corr"]
[Site "GER corr"]
[Date "1999.11.29"]
[Round "?"]
[White "Fuhrwerk, Klaus"]
[Black "Geldner, Daniella"]
[Result "0-1"]
[WhiteElo "2255"]
[BlackElo "2231"]
[PlyCount "92"]
[EventDate "1999.11.29"]
[EventType "tourn (corr)"]
[EventRounds "14"]
[EventCountry "GER"]
[SourceTitle "Corr 2011"]
[Source "ChessBase"]
[SourceDate "2010.08.31"]
[SourceVersion "1"]
[SourceVersionDate "2010.08.31"]
[SourceQuality "1"]

1. e4 e5 2. Nf3 Nc6 3. Bb5 a6 4. Ba4 Nf6 5. 0-0 b5 6. Bb3 Bb7 7. d3 Be7 8. c4 b4 9. Ba4 d6 10. d4 0-0 11. d5 Nb8 12. Bc2 Nbd7 13. Re1 a5 14. Nbd2 c6 15. Nf1 Qc7 16. Ne3 Rfc8 17. b3 g6 18. a3 cxd5 19. exd5 Bf8 20. axb4 axb4 21. Bd2 Qb6 22. Qe2 Bg7 23. Rxa8 Rxa8 24. Rc1 Nc5 25. Qe1 e4 26. Ng5 Ra2 27. Rd1 h6 28. Nh3 Bc8 29. Bxb4 Bxh3 30. gxh3 Nh5 31. Bxc5 dxc5 32. Bxe4 Nf4 33. Qf1 Ne2+ 34. Kh1 Nc3 35. Bb1 Rb2 36. Re1 Qxb3 37. Bd3 Rd2 38. Ra1 Qb8 39. Re1 Bd4 40. f4 Qb2 41. Ng2 Rf2 42. Qg1 Qd2 43. d6 Kg7 44. d7 Rxg2 45. Qxg2 Qxe1+ 46. Bf1 Qe7 0-1

[Event "GER-ch30 final corr"]
[Site "GER corr"]
[Date "1999.11.29"]
[Round "?"]
[White "Geldner, Daniella"]
[Black "Schartner, Andreas"]
[Result "1-0"]
[WhiteElo "2231"]
[BlackElo "2116"]
[PlyCount "71"]
[EventDate "1999.11.29"]
[EventType "tourn (corr)"]
[EventRounds "14"]
[EventCountry "GER"]
[SourceTitle "Corr 2011"]
[Source "ChessBase"]
[SourceDate "2010.08.31"]
[SourceVersion "1"]
[SourceVersionDate "2010.08.31"]
[SourceQuality "1"]

1. e4 c5 2. Nf3 d6 3. d4 cxd4 4. Nxd4 Nf6 5. Nc3 a6 6. Bg5 e6 7. f4 Qb6 8. Nb3 Be7 9. Qf3 Nbd7 10. Bd3 Qc7 11. 0-0 b5 12. Rae1 Bb7 13. a3 h6 14. Bh4 g5 15. Bg3 gxf4 16. Bxf4 h5 17. a4 bxa4 18. Nxa4 Ng4 19. Qe2 Nde5 20. h3 Bc6 21. Ra1 Nxd3 22. cxd3 Qa7+ 23. Kh1 e5 24. Bd2 Bh4 25. Be1 Bxe1 26. Qxe1 Bd7 27. Qh4 Ne3 28. Rf3 Be6 29. Nbc5 dxc5 30. Rxe3 Qe7 31. Qf2 Rg8 32. Rg3 Rxg3 33. Qxg3 Qd6 34. Qg8+ Qf8 35. Qg5 Qd6 36. Nb6 1-0

[Event "GER-ch30 final corr"]
[Site "GER corr"]
[Date "1999.11.29"]
[Round "?"]
[White "Hechler, Georg"]
[Black "Geldner, Daniella"]
[Result "1/2-1/2"]
[WhiteElo "2422"]
[BlackElo "2231"]
[PlyCount "73"]
[EventDate "1999.11.29"]
[EventType "tourn (corr)"]
[EventRounds "14"]
[EventCountry "GER"]
[SourceTitle "Corr 2011"]
[Source "ChessBase"]
[SourceDate "2010.08.31"]
[SourceVersion "1"]
[SourceVersionDate "2010.08.31"]
[SourceQuality "1"]

1. d4 d5 2. c4 c6 3. Nf3 Nf6 4. Nc3 dxc4 5. a4 Bf5 6. Ne5 e6 7. f3 Bb4 8. e4 Bxe4 9. fxe4 Nxe4 10. Bd2 Qxd4 11. Nxe4 Qxe4+ 12. Qe2 Bxd2+ 13. Kxd2 Qd5+ 14. Kc3 0-0 15. Qe3 b5 16. axb5 cxb5 17. Be2 Nd7 18. Nxd7 Qxd7 19. Bf3 Rac8 20. Rxa7 b4+ 21. Kc2 Qb5 22. Rd1 c3 23. b3 Rcd8 24. Be2 Qb8 25. g3 Rxd1 26. Kxd1 Rd8+ 27. Kc1 Qd6 28. Qf4 Qxf4+ 29. gxf4 Rb8 30. Bf3 g6 31. Rc7 Kg7 32. Bb7 h6 33. h4 Kf6 34. Kc2 e5 35. fxe5+ Kxe5 36. Rxf7 g5 37. hxg5 1/2-1/2